[Event "St Petersburg-Moscow m"]
[Site "St Petersburg"]
[Date "2005.05.14"]
[Round "1"]
[White "Dragomarezkij, Evgeni"]
[Black "Yuneev, Alexey"]
[Result "0-1"]
[WhiteElo "2474"]
[BlackElo "2427"]
[PlyCount "100"]
[EventDate "2005.05.14"]
[EventType "match"]
[EventRounds "2"]
[EventCountry "RUS"]
[SourceTitle "CBM 106 Extra"]
[Source "ChessBase"]
[SourceDate "2005.07.01"]
[SourceVersion "1"]
[SourceVersionDate "2005.07.01"]
[SourceQuality "1"]

1. c4 e5 2. Nf3 e4 3. Nd4 d5 4. cxd5 Qxd5 5. e3 Nf6 6. Nc3 Qe5 7. d3 Bc5 8. Nb3 Bd6 9. Nd2 Bb4 10. Qc2 exd3 11. Bxd3 Nc6 12. Nf3 Qh5 13. h3 0-0 14. Bd2 Bg4 15. Nh2 Be6 16. a3 Bd6 17. 0-0 Rad8 18. f4 Na5 19. g4 Bxg4 20. hxg4 Nxg4 21. Bc1 Nb3 22. Rb1 Nxc1 23. Rbxc1 Nxe3 24. Qe2 Qxe2 25. Nxe2 Nxf1 26. Kxf1 c6 27. Bc4 Rfe8 28. Nf3 b5 29. Ba2 c5 30. Bd5 a6 31. Bb7 Re3 32. Rc2 c4 33. a4 Bc5 34. axb5 axb5 35. Ne5 f6 36. Ng4 Re7 37. Bc6 Rd1+ 38. Kg2 Re1 39. Ng3 Rg1+ 40. Kf3 Ree1 41. Bxb5 h5 42. Bxc4+ Kf8 43. Nxh5 f5 44. Be2 fxg4+ 45. Ke4 Rh1 46. Ng3 Rh3 47. Nf1 Rb3 48. Kf5 g3 49. Bc4 Rf3 50. Bd5 g2 0-1

[Event "St Petersburg-Moscow"]
[Site "St Petersburg"]
[Date "2003.05.03"]
[Round "1"]
[White "Yuneev, Alexey"]
[Black "Vlassov, Nikolai"]
[Result "1-0"]
[WhiteElo "2427"]
[BlackElo "2466"]
[PlyCount "85"]
[EventDate "2003.05.03"]
[EventType "team-tourn"]
[EventRounds "2"]
[EventCountry "RUS"]
[SourceTitle "CBM 095"]
[Source "ChessBase"]
[SourceDate "2003.07.25"]
[SourceVersion "1"]
[SourceVersionDate "2003.07.25"]
[SourceQuality "1"]

1. d4 Nf6 2. c4 Nc6 3. Nc3 e5 4. d5 Ne7 5. e4 Ng6 6. Be3 Bb4 7. f3 Qe7 8. Qd2 Bc5 9. 0-0-0 Bxe3 10. Qxe3 d6 11. Nge2 c6 12. dxc6 bxc6 13. Qd2 d5 14. exd5 cxd5 15. Nxd5 Nxd5 16. Qxd5 Rb8 17. Qc6+ Bd7 18. Qd6 Qxd6 19. Rxd6 Ke7 20. Ra6 Rb7 21. Nc3 Rhb8 22. b4 Rxb4 23. Nd5+ Ke8 24. Nxb4 Rxb4 25. Bd3 Nf4 26. Kc2 Nxg2 27. Rb1 Ra4 28. Rxa4 Bxa4+ 29. Kd2 Bc6 30. Be4 Bd7 31. Rb8+ Ke7 32. Rb7 Kd8 33. c5 Nf4 34. c6 Be6 35. Rxa7 h5 36. Bd3 Nd5 37. Bc4 Kc8 38. Rd7 Nb4 39. Bxe6 fxe6 40. Rxg7 Nxc6 41. Rh7 Nd4 42. Rxh5 Kd7 43. Ke3 1-0

[Event "Corus Reserve Group"]
[Site "Wijk aan Zee"]
[Date "2000.01.29"]
[Round "9"]
[White "Yuneev, Alexey"]
[Black "Bertholee, Rob"]
[Result "0-1"]
[WhiteElo "2430"]
[BlackElo "2343"]
[PlyCount "79"]
[EventDate "2000.01.21"]
[EventType "swiss"]
[EventRounds "9"]
[EventCountry "NED"]
[SourceTitle "CBM 074 Extra"]
[Source "ChessBase"]
[SourceDate "2000.03.10"]
[SourceVersion "2"]
[SourceVersionDate "2000.03.10"]
[SourceQuality "1"]

1. d4 Nf6 2. c4 a6 3. Nc3 c5 4. d5 b5 5. cxb5 axb5 6. e4 b4 7. Nb5 d6 8. Bc4 Nbd7 9. Nf3 Nb6 10. Bd3 e5 11. Nd2 Be7 12. 0-0 Ba6 13. Qb3 0-0 14. a4 Nh5 15. g3 Bg5 16. Qd1 g6 17. b3 Bc8 18. Re1 Ng7 19. Bb2 Ra5 20. Nf3 Bh6 21. Nxd6 Qxd6 22. Nxe5 Bd7 23. f4 f5 24. Nc4 Nxc4 25. Bxc4 fxe4 26. Be5 Qb6 27. Bc7 Qa7 28. d6+ Kh8 29. Bxa5 Qxa5 30. Rxe4 Nf5 31. Bb5 Bxb5 32. axb5 Qd8 33. d7 Bg7 34. Ra7 Bd4+ 35. Kh1 Qb8 36. Re8 Qxa7 37. Rxf8+ Kg7 38. Rg8+ Kh6 39. Qf3 Ne3 40. Qxe3 0-1

[Event "Corus Reserve Group"]
[Site "Wijk aan Zee"]
[Date "2000.01.27"]
[Round "7"]
[White "Yuneev, Alexey"]
[Black "Ivkov, Borislav"]
[Result "1/2-1/2"]
[WhiteElo "2430"]
[BlackElo "2450"]
[PlyCount "72"]
[EventDate "2000.01.21"]
[EventType "swiss"]
[EventRounds "9"]
[EventCountry "NED"]
[SourceTitle "CBM 074 Extra"]
[Source "ChessBase"]
[SourceDate "2000.03.10"]
[SourceVersion "2"]
[SourceVersionDate "2000.03.10"]
[SourceQuality "1"]

1. e4 e5 2. Nf3 Nc6 3. Bb5 a6 4. Ba4 Nf6 5. Qe2 Be7 6. c3 b5 7. Bb3 d6 8. a4 Bd7 9. d4 0-0 10. 0-0 Qb8 11. Rd1 Na5 12. Bc2 c5 13. dxe5 dxe5 14. Bg5 Be6 15. axb5 axb5 16. Nbd2 Re8 17. Bxf6 Bxf6 18. Nf1 Bc4 19. Bd3 Bb3 20. Re1 c4 21. Bb1 Ba4 22. Ne3 Nb3 23. Ra2 Nc5 24. Nd5 Be7 25. h4 Bf8 26. Nh2 Qd8 27. Qh5 Ra6 28. Nf3 g6 29. Qg4 Be7 30. Nh2 f5 31. Qf3 fxe4 32. Bxe4 Nxe4 33. Qxe4 Bc2 34. Qxc2 Rxa2 35. Nb4 Ra8 36. Nf3 Bf6 1/2-1/2

[Event "Corus Reserve Group"]
[Site "Wijk aan Zee"]
[Date "2000.01.25"]
[Round "5"]
[White "Yuneev, Alexey"]
[Black "Georgiev, Vladimir"]
[Result "1/2-1/2"]
[WhiteElo "2430"]
[BlackElo "2538"]
[PlyCount "47"]
[EventDate "2000.01.21"]
[EventType "swiss"]
[EventRounds "9"]
[EventCountry "NED"]
[SourceTitle "CBM 074 Extra"]
[Source "ChessBase"]
[SourceDate "2000.03.10"]
[SourceVersion "2"]
[SourceVersionDate "2000.03.10"]
[SourceQuality "1"]

1. d4 Nf6 2. c4 c6 3. Nc3 d5 4. e3 a6 5. Bd3 b5 6. b3 Bg4 7. Nge2 Bh5 8. 0-0 Nbd7 9. Qc2 Bg6 10. Nf4 Bxd3 11. Nxd3 e6 12. Ne2 Bd6 13. a4 0-0 14. Ba3 Bxa3 15. Rxa3 bxc4 16. bxc4 Nb6 17. Ne5 Rc8 18. c5 Nbd7 19. Nxd7 Nxd7 20. Rb3 Rb8 21. Rxb8 Qxb8 22. Rb1 Qc7 23. Rb4 e5 24. h3 1/2-1/2

[Event "Yerevan op"]
[Site "Yerevan"]
[Date "1996.??.??"]
[Round "6"]
[White "Sturua, Zurab"]
[Black "Yuneev, Alexey"]
[Result "1-0"]
[WhiteElo "2540"]
[BlackElo "2415"]
[PlyCount "55"]
[EventDate "1996.??.??"]
[EventType "swiss"]
[EventRounds "11"]
[EventCountry "ARM"]
[SourceTitle "CBM 052 Extra"]
[Source "ChessBase"]
[SourceDate "1996.07.01"]
[SourceVersion "1"]
[SourceVersionDate "1996.07.01"]
[SourceQuality "1"]

1. d4 d5 2. c4 c6 3. Nf3 Nf6 4. Nc3 e6 5. e3 Nbd7 6. Qc2 Bd6 7. Bd2 0-0 8. Bd3 Qe7 9. 0-0 dxc4 10. Bxc4 e5 11. h3 e4 12. Ng5 Nb6 13. Bb3 Nbd5 14. Ncxe4 Nxe4 15. Nxe4 Bf5 16. f3 Rae8 17. Bc4 Bxe4 18. fxe4 Qxe4 19. Bd3 Qh4 20. Rf3 Nf6 21. Raf1 Nd5 22. e4 Nb6 23. Qb3 Rxe4 24. Rxf7 Nd5 25. Qxb7 Rfe8 26. Rxg7+ Kh8 27. Bxe4 Qxe4 28. Rg4 1-0

[Event "Yerevan op"]
[Site "Yerevan"]
[Date "1996.??.??"]
[Round "8"]
[White "Yuneev, Alexey"]
[Black "Kacheishvili, Giorgi"]
[Result "1/2-1/2"]
[WhiteElo "2415"]
[BlackElo "2460"]
[PlyCount "32"]
[EventDate "1996.??.??"]
[EventType "swiss"]
[EventRounds "11"]
[EventCountry "ARM"]
[SourceTitle "CBM 052 Extra"]
[Source "ChessBase"]
[SourceDate "1996.07.01"]
[SourceVersion "1"]
[SourceVersionDate "1996.07.01"]
[SourceQuality "1"]

1. d4 d5 2. c4 c6 3. Nc3 Nf6 4. e3 e6 5. Nf3 Nbd7 6. Bd3 dxc4 7. Bxc4 b5 8. Be2 a6 9. e4 b4 10. e5 bxc3 11. exf6 Nxf6 12. bxc3 Bd6 13. 0-0 Qc7 14. c4 c5 15. Bb2 Rb8 16. Rb1 0-0 1/2-1/2

[Event "Chigorin Memorial"]
[Site "St Petersburg"]
[Date "1995.??.??"]
[Round "2"]
[White "Romanovich, Leonid"]
[Black "Yuneev, Alexey"]
[Result "1-0"]
[WhiteElo "2215"]
[BlackElo "2415"]
[PlyCount "93"]
[EventDate "1995.09.??"]
[EventType "swiss"]
[EventRounds "9"]
[EventCountry "RUS"]
[SourceTitle "EXT 1997"]
[Source "ChessBase"]
[SourceDate "1996.11.15"]
[SourceVersion "1"]
[SourceVersionDate "1996.11.15"]
[SourceQuality "1"]

1. e4 c5 2. c3 Nf6 3. e5 Nd5 4. d4 cxd4 5. Nf3 e6 6. cxd4 d6 7. Nc3 Nxc3 8. bxc3 Nd7 9. Bf4 Qc7 10. Rc1 dxe5 11. Bxe5 Nxe5 12. Nxe5 Bd6 13. Bb5+ Ke7 14. f4 f6 15. Qg4 Kd8 16. Qh4 Ba3 17. Rc2 g5 18. Qh6 Rf8 19. Nd3 a6 20. Ba4 Qc4 21. Nb2 Qxa2 22. 0-0 b5 23. Nd3 Qd5 24. c4 Qe4 25. Nf2 Qg6 26. Qh3 Bd6 27. Bb3 bxc4 28. Rxc4 gxf4 29. Rc6 Ke7 30. Bc2 Qe8 31. Be4 Ra7 32. Rxd6 Kxd6 33. Qa3+ Kd7 34. d5 Qe7 35. d6 Qxd6 36. Rd1 Qxd1+ 37. Nxd1 Rf7 38. Nc3 Rc7 39. Na4 Kd8 40. Nb6 Rfe7 41. Qd6+ Ke8 42. Bf3 Rc1+ 43. Kf2 Rc2+ 44. Ke1 Rc1+ 45. Kd2 Rcc7 46. Qxf4 Kf7 47. Qh6 1-0

[Event "Chigorin Memorial"]
[Site "St Petersburg"]
[Date "1995.??.??"]
[Round "4"]
[White "Shour, Janna"]
[Black "Yuneev, Alexey"]
[Result "0-1"]
[WhiteElo "2150"]
[BlackElo "2415"]
[PlyCount "68"]
[EventDate "1995.09.??"]
[EventType "swiss"]
[EventRounds "9"]
[EventCountry "RUS"]
[SourceTitle "EXT 1997"]
[Source "ChessBase"]
[SourceDate "1996.11.15"]
[SourceVersion "1"]
[SourceVersionDate "1996.11.15"]
[SourceQuality "1"]

1. e4 c5 2. c4 Nc6 3. g3 g6 4. Bg2 Bg7 5. Ne2 e6 6. 0-0 Nge7 7. Nbc3 0-0 8. a3 b6 9. Rb1 Bb7 10. b4 d6 11. f4 Nd4 12. Kh1 Qd7 13. d3 f5 14. Be3 Rac8 15. Nb5 Nxb5 16. cxb5 c4 17. a4 cxd3 18. Qxd3 fxe4 19. Bxe4 Bxe4+ 20. Qxe4 d5 21. Qd3 Rc4 22. Rfd1 Rfc8 23. Bd4 Nf5 24. Bxg7 Qxg7 25. g4 Nd6 26. Nd4 Ne4 27. Rb2 Rxb4 28. Rc2 Rxc2 29. Qxc2 Rc4 30. Qb2 Qf6 31. f5 exf5 32. gxf5 Qh4 33. Ne6 Nf2+ 34. Kg2 Qh3+ 0-1

[Event "Chigorin Memorial"]
[Site "St Petersburg"]
[Date "1995.??.??"]
[Round "9"]
[White "Yuneev, Alexey"]
[Black "Biriukov, Oleg V"]
[Result "1-0"]
[WhiteElo "2415"]
[BlackElo "2255"]
[PlyCount "103"]
[EventDate "1995.09.??"]
[EventType "swiss"]
[EventRounds "9"]
[EventCountry "RUS"]
[SourceTitle "EXT 1997"]
[Source "ChessBase"]
[SourceDate "1996.11.15"]
[SourceVersion "1"]
[SourceVersionDate "1996.11.15"]
[SourceQuality "1"]

1. d4 Nf6 2. c4 e6 3. Nc3 Bb4 4. Bg5 c5 5. d5 d6 6. e3 exd5 7. cxd5 Nbd7 8. Bd3 Qa5 9. Nge2 Nxd5 10. 0-0 Bxc3 11. bxc3 c4 12. Bf5 N7b6 13. Ng3 h6 14. Qh5 Bxf5 15. Nxf5 g6 16. Nxd6+ Kd7 17. Qd1 Kxd6 18. Bf6 Rhe8 19. Re1 Ke6 20. Bd4 f6 21. Qf3 Rf8 22. e4 Ne7 23. Qh3+ Kf7 24. Qxh6 Qh5 25. Qf4 Kg8 26. Qd6 Rae8 27. Bxf6 Nc6 28. e5 Qf5 29. f3 Re6 30. g4 Rxd6 31. gxf5 Rdxf6 32. exf6 gxf5 33. Re6 Kf7 34. Rd6 Rg8+ 35. Kf2 Rg6 36. h4 Ne5 37. h5 Rh6 38. Rg1 Rxf6 39. Rxf6+ Kxf6 40. h6 Nf7 41. h7 Nd5 42. Rg8 Ne7 43. Ke3 Ng6 44. Rb8 f4+ 45. Kd4 b6 46. Ra8 Kg7 47. Rxa7 Nge5 48. Ke4 b5 49. a3 Ng6 50. Rb7 Kf6 51. Kd5 Nge5 52. Rb8 1-0

[Event "St Petersburg op"]
[Site "St Petersburg"]
[Date "1994.??.??"]
[Round "2"]
[White "Kharitonov, Andrei Y"]
[Black "Yuneev, Alexey"]
[Result "1-0"]
[WhiteElo "2535"]
[BlackElo "2390"]
[PlyCount "125"]
[EventDate "1994.02.??"]
[EventType "swiss"]
[EventRounds "9"]
[EventCountry "RUS"]
[SourceTitle "CBM 041"]
[Source "ChessBase"]
[SourceDate "1994.08.01"]
[SourceVersion "1"]
[SourceVersionDate "1994.08.01"]
[SourceQuality "1"]

1. d4 Nf6 2. Nf3 g6 3. c4 Bg7 4. g3 0-0 5. Bg2 d6 6. 0-0 Nbd7 7. Qc2 e5 8. Rd1 Re8 9. Nc3 e4 10. Ng5 e3 11. fxe3 Nf8 12. e4 Qe7 13. e3 Bh6 14. Nf3 c6 15. Re1 N8d7 16. Nd2 Ng4 17. Nf1 Nf8 18. b3 Ne6 19. Ba3 Qc7 20. Rad1 Bf8 21. Bb2 Qa5 22. a3 Ng5 23. b4 Qd8 24. h3 Nf6 25. e5 Bf5 26. e4 Nfxe4 27. g4 Nxc3 28. Qxc3 Bd7 29. exd6 Bg7 30. Rxe8+ Qxe8 31. Re1 Ne6 32. c5 Qf8 33. Qd2 Bh6 34. Qf2 Re8 35. d5 cxd5 36. Bxd5 Nf4 37. Qd4 Qg7 38. Qxg7+ Bxg7 39. Rxe8+ Bxe8 40. Bxg7 Nxd5 41. Bd4 f6 42. Kf2 Kf7 43. Nd2 Nf4 44. h4 Bc6 45. Nf3 a6 46. g5 f5 47. Ne5+ Ke6 48. Nxc6 bxc6 49. Kf3 Nd5 50. Be5 Kf7 51. Ke2 Ke6 52. Kd2 Kf7 53. Kd3 Ke6 54. Kd4 Kd7 55. Bh2 Ke6 56. Bg3 Kf7 57. Be1 Nf4 58. Bd2 Nh5 59. Ke5 Ng3 60. a4 Ne4 61. Be3 Nc3 62. Bd4 Nxa4 63. h5 1-0

[Event "St Petersburg op2"]
[Site "St Petersburg"]
[Date "1994.??.??"]
[Round "1"]
[White "Yuneev, Alexey"]
[Black "Aleksandrov, Aleksej"]
[Result "1/2-1/2"]
[WhiteElo "2400"]
[BlackElo "2525"]
[PlyCount "57"]
[EventDate "1994.10.??"]
[EventType "swiss"]
[EventRounds "9"]
[EventCountry "RUS"]
[SourceTitle "CBM 043 Extra"]
[Source "ChessBase"]
[SourceDate "1995.01.01"]
[SourceVersion "1"]
[SourceVersionDate "1995.01.01"]
[SourceQuality "1"]

1. d4 d5 2. c4 e6 3. Nc3 Bb4 4. e3 c5 5. cxd5 exd5 6. a3 Bxc3+ 7. bxc3 Nc6 8. Bd3 Nge7 9. Rb1 0-0 10. Ne2 Ng6 11. 0-0 c4 12. Bc2 f5 13. f3 Rb8 14. e4 b5 15. Ng3 Nce7 16. a4 a6 17. Ba3 Rf7 18. Qd2 Bd7 19. Bd6 Rb7 20. Qg5 h6 21. Qh5 Be8 22. exf5 Qxd6 23. fxg6 Rf6 24. Rfe1 Bxg6 25. Bxg6 Nxg6 26. Qg4 Re7 27. axb5 axb5 28. h4 Rxe1+ 29. Rxe1 1/2-1/2

[Event "Cheliabinsk-B"]
[Site "Cheliabinsk"]
[Date "1991.??.??"]
[Round "?"]
[White "Kolasinski, Marek"]
[Black "Yuneev, Alexey"]
[Result "1/2-1/2"]
[WhiteElo "2335"]
[BlackElo "2400"]
[PlyCount "38"]
[EventDate "1991.12.??"]
[EventType "tourn"]
[EventRounds "15"]
[EventCountry "URS"]
[EventCategory "7"]
[SourceTitle "EXT 1997"]
[Source "ChessBase"]
[SourceDate "1996.11.15"]
[SourceVersion "1"]
[SourceVersionDate "1996.11.15"]
[SourceQuality "1"]

1. d4 Nf6 2. Nf3 e6 3. c4 c5 4. e3 d5 5. Nc3 a6 6. a3 dxc4 7. Bxc4 b5 8. Bd3 Bb7 9. 0-0 Nbd7 10. Qe2 Bd6 11. h3 0-0 12. e4 cxd4 13. Nxd4 Nc5 14. Rd1 Nxd3 15. Rxd3 Qc7 16. Bg5 Nd7 17. Rad1 Nc5 18. Re3 Be5 19. Nf3 f6 1/2-1/2

[Event "Cheliabinsk-B"]
[Site "Cheliabinsk"]
[Date "1991.??.??"]
[Round "?"]
[White "Poluljahov, Aleksandr"]
[Black "Yuneev, Alexey"]
[Result "1-0"]
[WhiteElo "2380"]
[BlackElo "2400"]
[PlyCount "67"]
[EventDate "1991.12.??"]
[EventType "tourn"]
[EventRounds "15"]
[EventCountry "URS"]
[EventCategory "7"]
[SourceTitle "EXT 1997"]
[Source "ChessBase"]
[SourceDate "1996.11.15"]
[SourceVersion "1"]
[SourceVersionDate "1996.11.15"]
[SourceQuality "1"]

1. d4 e6 2. c4 f5 3. Nf3 Nf6 4. Nc3 Bb4 5. Qb3 Bxc3+ 6. Qxc3 Ne4 7. Qc2 b6 8. g3 Bb7 9. Bg2 Qf6 10. 0-0 0-0 11. b3 d6 12. Bb2 Qh6 13. d5 Na6 14. dxe6 Qxe6 15. Ng5 Qe7 16. Nh3 Nac5 17. Nf4 Qf7 18. Rad1 Kh8 19. Nd5 b5 20. f3 Ng5 21. e4 bxc4 22. bxc4 Bc6 23. Qd2 Bxd5 24. Qxd5 Na4 25. Ba1 Nb6 26. Qxf7 Nxf7 27. exf5 Nxc4 28. Rfe1 Rae8 29. f6 g6 30. Re7 c6 31. f4 d5 32. Rde1 Ncd6 33. g4 Kg8 34. Bd4 1-0

[Event "Cheliabinsk-B"]
[Site "Cheliabinsk"]
[Date "1991.??.??"]
[Round "?"]
[White "Yilmaz, Turhan"]
[Black "Yuneev, Alexey"]
[Result "1/2-1/2"]
[WhiteElo "2340"]
[BlackElo "2400"]
[PlyCount "42"]
[EventDate "1991.12.??"]
[EventType "tourn"]
[EventRounds "15"]
[EventCountry "URS"]
[EventCategory "7"]
[SourceTitle "EXT 1997"]
[Source "ChessBase"]
[SourceDate "1996.11.15"]
[SourceVersion "1"]
[SourceVersionDate "1996.11.15"]
[SourceQuality "1"]

1. e4 e5 2. Nf3 Nc6 3. Bb5 a6 4. Ba4 b5 5. Bb3 Na5 6. 0-0 d6 7. d4 exd4 8. Nxd4 Bb7 9. Nf5 Nxb3 10. axb3 g6 11. Ng3 Bg7 12. Re1 Ne7 13. Nc3 0-0 14. b4 Re8 15. f3 d5 16. exd5 Nxd5 17. Nxd5 Rxe1+ 18. Qxe1 Qxd5 19. c3 Qb3 20. Qe2 Bf8 21. Be3 Re8 1/2-1/2

[Event "Cheliabinsk-B"]
[Site "Cheliabinsk"]
[Date "1991.??.??"]
[Round "?"]
[White "Yuneev, Alexey"]
[Black "Czerwonski, Aleksander"]
[Result "1-0"]
[WhiteElo "2400"]
[BlackElo "2350"]
[PlyCount "125"]
[EventDate "1991.12.??"]
[EventType "tourn"]
[EventRounds "15"]
[EventCountry "URS"]
[EventCategory "7"]
[SourceTitle "EXT 1997"]
[Source "ChessBase"]
[SourceDate "1996.11.15"]
[SourceVersion "1"]
[SourceVersionDate "1996.11.15"]
[SourceQuality "1"]

1. e4 c6 2. c4 d5 3. exd5 cxd5 4. d4 Nf6 5. Nc3 Nc6 6. Bg5 Be6 7. Qd2 Qa5 8. c5 g6 9. Bxf6 exf6 10. Bb5 h5 11. Nge2 Bh6 12. f4 a6 13. Bxc6+ bxc6 14. a3 Qc7 15. 0-0 h4 16. h3 Kf8 17. b4 Bf5 18. a4 Qd7 19. Ra3 g5 20. Qa2 Rg8 21. b5 Bxh3 22. f5 Bg4 23. bxc6 Qxc6 24. Rb3 Rd8 25. Rb6 Qe8 26. Rf2 Kg7 27. Nxd5 Rxd5 28. Qxd5 Bxe2 29. Qd6 Kh7 30. Qxf6 Bg7 31. Qxg5 Qe4 32. Rf4 Bxd4+ 33. Kh2 Bg1+ 34. Kh1 Rxg5 35. Rxe4 Bxc5 36. Rc6 Rxf5 37. Rxe2 a5 38. Kh2 Rd5 39. Kh3 Bf8 40. Re4 Rd3+ 41. Kxh4 Bd6 42. Ra6 Bb4 43. Ra7 Kg7 44. Rf4 Kg6 45. Rfxf7 Be1+ 46. Kg4 Rg3+ 47. Kf4 Ra3 48. Rfe7 Rxa4+ 49. Re4 Rxe4+ 50. Kxe4 Kg5 51. Kf3 Bb4 52. Rb7 Bc3 53. Rb5+ Kf6 54. g4 Bb4 55. g5+ Ke6 56. Ke4 Bd2 57. Rb6+ Kd7 58. Kf5 Kc7 59. Rb2 Be3 60. g6 Bd4 61. Rb5 Kd6 62. Rb7 a4 63. Ke4 1-0

[Event "Cheliabinsk-B"]
[Site "Cheliabinsk"]
[Date "1991.??.??"]
[Round "?"]
[White "Yuneev, Alexey"]
[Black "Ivanov, Sergey"]
[Result "1/2-1/2"]
[WhiteElo "2400"]
[BlackElo "2440"]
[PlyCount "23"]
[EventDate "1991.12.??"]
[EventType "tourn"]
[EventRounds "15"]
[EventCountry "URS"]
[EventCategory "7"]
[SourceTitle "EXT 1997"]
[Source "ChessBase"]
[SourceDate "1996.11.15"]
[SourceVersion "1"]
[SourceVersionDate "1996.11.15"]
[SourceQuality "1"]

1. Nf3 d5 2. c4 e6 3. g3 Nf6 4. Bg2 Be7 5. 0-0 0-0 6. d4 dxc4 7. Qc2 a6 8. Qxc4 b5 9. Qc2 Bb7 10. Rd1 Nbd7 11. Ne5 Bxg2 12. Nxd7 1/2-1/2

[Event "Cheliabinsk-B"]
[Site "Cheliabinsk"]
[Date "1991.??.??"]
[Round "?"]
[White "Yuneev, Alexey"]
[Black "Pisulinski, Jan"]
[Result "1/2-1/2"]
[WhiteElo "2400"]
[BlackElo "2345"]
[PlyCount "93"]
[EventDate "1991.12.??"]
[EventType "tourn"]
[EventRounds "15"]
[EventCountry "URS"]
[EventCategory "7"]
[SourceTitle "EXT 1997"]
[Source "ChessBase"]
[SourceDate "1996.11.15"]
[SourceVersion "1"]
[SourceVersionDate "1996.11.15"]
[SourceQuality "1"]

1. d4 Nf6 2. c4 e6 3. Nc3 Bb4 4. Bg5 c5 5. d5 d6 6. e3 Bxc3+ 7. bxc3 h6 8. Bh4 Qe7 9. Nf3 g5 10. Bg3 e5 11. Qb1 0-0 12. Nd2 Nh5 13. f3 f5 14. Bf2 Nd7 15. h4 Ndf6 16. hxg5 hxg5 17. Be2 e4 18. Qc2 Ng7 19. 0-0-0 Qe5 20. Rh6 Bd7 21. Rdh1 a6 22. Rg6 g4 23. Bh4 exf3 24. gxf3 gxf3 25. Nxf3 Qxe3+ 26. Qd2 Qxd2+ 27. Nxd2 Nfe8 28. Be7 Rf7 29. Bg5 f4 30. Rgh6 Rf5 31. Ne4 Re5 32. Bf3 Bf5 33. Nf6+ Kf7 34. Nxe8 Raxe8 35. Bxf4 Re1+ 36. Kd2 Rxh1 37. Rxh1 Rd8 38. Rh6 Bg6 39. Bg4 b5 40. Be6+ Kf6 41. cxb5 axb5 42. Kc1 Nh5 43. Be3 Ng7 44. Bf2 Nf5 45. Bxf5 Kxf5 46. Bg3 Rd7 47. Kb2 1/2-1/2